• 首页
  • 本馆介绍
  • 公告通知
  • 最新文献
  • 馆藏检索
  • 电子资源
  • 读者导购
  • 参考咨询
  • 我的图书馆
  • 登录
  • 详细信息显示
  • 放入我的书架
  • 预约/预借图书
  • 作者相关作品
  • 分类相关作品
  • 丛书相关作品
  • 出版社相关作品

书目信息

  • 表格格式
  • 工作单格式
  • 卡片格式
题名:
心理学150问
    
 
作者: 车文博 主编
分册:  
出版信息: 沈阳   辽宁人民出版社  1987
页数: 315页
开本: 20cm
丛书名:
单 册:
中图分类: B84-44
科图分类:
主题词: 心理学--问答
电子资源:
ISBN:
000 00582nam0 2200217 45
001 0187016414
005 20050323170609.6
010    @dCNY2.15
100    @a19951109d1987 em y0chiy0121 ea
101 0  @achi
102    @aCN@b210000
105    @ay z 000yy
200 10 @a心理学150问@AXin Li Xue 150 Wen@f车文博主编@FChe Wen Bo Zhu Bian
210    @a沈阳@c辽宁人民出版社@d1987
215    @a315页@d20cm
606    @a心理学@x问答
690    @aB84-44@v3
701  0 @a车文博@4主编
801  0 @aCN@b深圳图书馆@c20040102
801  2 @aCN@bNLC@c20040102
905    @dB84-44@e167@f1@b200693
    
    心理学150问/车文博主编.-沈阳:辽宁人民出版社,1987
    315页;20cm
    
    
    ISBN :CNY2.15
    
●
相关链接 在E读中查询图书 在五车中查询图书 在当当中查询图书 在豆瓣中查询图书


正题名:心理学150问     索取号:B84-44/167         预约/预借

序号 登录号 条形码 馆藏地/架位号 状态 备注
1 0200692   000524221   第一样本阅览室/ [索取号:B84-44/167] 在馆    
2 0200693   001984204   密集书库/ [索取号:B84-44/167] 在馆    
3 0200694   001857048   密集书库/ [索取号:B84-44/167] 在馆    
4 0255292   000524221   第一借阅区/ [索取号:B84-44/167] 在馆    
5 0255293   000524187   第一借阅区/ [索取号:B84-44/167] 在馆    
6 0255294   000524267   密集书库/ [索取号:B84-44/167] 在馆    
7 0255295   000524613   密集书库/ [索取号:B84-44/167] 在馆    
唐山师范学院图书馆 欢迎您!
大连网信软件有限公司© 版权所有